Τα γρανάζια της Ευρώπης : πως λειτουργούν οι θεσμοί της ευρωπαϊκής κοινότητας

Αποθηκεύτηκε σε:
Λεπτομέρειες βιβλιογραφικής εγγραφής
Κύριος συγγραφέας: Noel, Emile
Μορφή: Βιβλίο
Γλώσσα:Greek
Δημοσίευση: Αθήνα : Παπαζήσης, 1979.
Θέματα:
Ετικέτες: Προσθήκη ετικέτας
Δεν υπάρχουν, Καταχωρήστε ετικέτα πρώτοι!

MARC

LEADER 00000cam a2200000 i 4500
001 1/69484
008 981109s1979 gr | ||| |||| ||gre||
035 |l 10030387 
040 |a GR-MyUa  |b gre  |e AACR2 
041 0 |a gre 
082 7 |a 341.2422   |2 (22) 
100 1 |a Noel, Emile. 
245 1 3 |a Τα γρανάζια της Ευρώπης :   |b πως λειτουργούν οι θεσμοί της ευρωπαϊκής κοινότητας /   |c Emile Noel ; μετάφραση Μίμη Τζιράνη-Τσιμαράτου ; πρόλογος του Κωνσταντίνου Τσάτσου. 
260 |a Αθήνα :   |b Παπαζήσης,   |c 1979. 
300 |a 182 σ. ;   |c 22 εκ. 
610 2 0 |a Commission of the European Communities. 
610 2 0 |a Council of the European Communities. 
610 2 0 |a Court of Justice of the European Communities. 
610 2 0 |a European Parliament. 
852 |a INST  |b LESVOS  |e 19981109  |h 341.2422 NOE  |p 005100018076  |q 005100018076  |t BK  |y 0 
922 |a 1ΔΩΡ  |b 199804  |c ΑΣΩΝΙΤΗΣ